000161130 001__ 161130
000161130 005__ 20250613111156.0
000161130 037__ $$aTAZ-TFM-2024-1549
000161130 041__ $$aspa
000161130 1001_ $$aRuiz Mur, Paula
000161130 24200 $$aBusiness Activities Coordination in the industrial sector: A procedure proposal
000161130 24500 $$aCoordinación de Actividades Empresariales en el sector industrial: Una propuesta de procedimiento
000161130 260__ $$aZaragoza$$bUniversidad de Zaragoza$$c2024
000161130 506__ $$aby-nc-sa$$bCreative Commons$$c3.0$$uhttp://creativecommons.org/licenses/by-nc-sa/3.0/
000161130 520__ $$aEl presente trabajo expone una propuesta de procedimiento de coordinación de actividades empresariales en una empresa del sector industrial, elaborado a partir del análisis de las necesidades reales de la organización, con la finalidad de facilitar la gestión en materia de prevención de riesgos laborales y dando cumplimiento a lo establecido en el artículo 24 de la Ley 31/1995, de 8 de noviembre, y a su posterior desarrollo en el Real Decreto 171/2004,de 30 de enero. No obstante, este documento no sólo pretende detallar el desarrollo de un procedimiento CAE, sino también tiene como objetivo incidir en la importancia de una herramienta, que aunque a simple vista no es más que gestión documental en materia de prevención de riesgos laborales, es imprescindible para garantizar la seguridad y salud de todos los trabajadores que desarrollen actividades en un mismo lugar de trabajo.<br />
000161130 521__ $$aMáster Universitario en Prevención de Riesgos Laborales
000161130 540__ $$aDerechos regulados por licencia Creative Commons
000161130 691__ $$a0
000161130 692__ $$a
000161130 700__ $$aMoral Martín, José David$$edir.
000161130 7102_ $$aUniversidad de Zaragoza$$b $$c
000161130 8560_ $$f717499@unizar.es
000161130 8564_ $$s3299806$$uhttps://zaguan.unizar.es/record/161130/files/TAZ-TFM-2024-1549.pdf$$yMemoria (spa)
000161130 909CO $$ooai:zaguan.unizar.es:161130$$pdriver$$ptrabajos-fin-master
000161130 950__ $$a
000161130 951__ $$adeposita:2025-06-13
000161130 980__ $$aTAZ$$bTFM$$cDER
000161130 999__ $$a20241124173940.CREATION_DATE